| 000 | 00434nam a2200121Ia 4500 | ||
|---|---|---|---|
| 008 | 220615s9999||||xx |||||||||||||| ||und|| | ||
| 100 | _aOertel, HerbertKrittian, SebastianSpiegel, Kathrin | ||
| 245 | 0 | _aModelling the human cardiac fluid mechanics. 3rd ed | |
| 546 | _aEnglish[eng] | ||
| 650 | _aFluid Mechanics||Flow Simulation||Human Heart||Cardiology||Heart Surgery | ||
| 856 | _uhttps://www.ksp.kit.edu/9783866443570 | ||
| 942 | _cEB | ||
| 999 |
_c12633 _d12633 |
||